AKTÍVNE BALENIE POTRAVÍN

Bibliographic Details
Main Author: Sekretár, Stanislav (Author)
Format: Article
Language:Slovak
ISBN:8096808028

MARC

LEADER 00000naa a2200000uu 4500
001 vtls010961663
003 SK-MaSNL
005 20260302121120.0
008 210907|2001 xo |||||||||||||||||slo|
015 |a SNBRA 
035 |a (urnnbn)urn:nbn:sk:snk:ar-a0bsaw 
035 |a (uuid)b75a0b52-42d8-45bb-8cab-e575557cb458 
035 |a urn:nbn:sk:snk-aaujyb 
040 |a SNKBUCL  |b slo  |c SNKBUCL  |e AACR2 
041 0 |a slo 
044 |a xo  |c SK 
100 1 |a Sekretár, Stanislav  |4 aut  |9 13188 
245 1 0 |a AKTÍVNE BALENIE POTRAVÍN  |c Stanislav Sekretár 
773 0 |t Obal - obchod - ekológia, Obal 2000  |d Bratislava : Slovenský komitét pre vedecké riadenie ZSVTS, 2001  |g S. 107-110  |z 8096808028 
958 |a OND 
958 |a article11 
958 |a chapter 
999 |c 1272633  |d 1274563